<?xml version="1.0" encoding="UTF-8"?>
<collection xmlns="http://www.loc.gov/MARC21/slim">
    <record>
        <controlfield tag="001">72262</controlfield>
        <controlfield tag="005">20180822112644.0</controlfield>
        <datafield tag="037" ind1=" " ind2=" ">
            <subfield code="a">GDOC-2017-27420</subfield>
        </datafield>
        <datafield tag="041" ind1=" " ind2=" ">
            <subfield code="a">spa</subfield>
        </datafield>
        <datafield tag="041" ind1=" " ind2=" ">
            <subfield code="a">eng</subfield>
        </datafield>
        <datafield tag="100" ind1=" " ind2=" ">
            <subfield code="0">(orcid)0000-0002-0679-6340</subfield>
            <subfield code="1">132989</subfield>
            <subfield code="a">JOAQUÍN ANDALUZ, FUNCIA</subfield>
        </datafield>
        <datafield tag="245" ind1="0" ind2="0">
            <subfield code="9">27420</subfield>
            <subfield code="a">Microeconomía III</subfield>
        </datafield>
        <datafield tag="242" ind1="0" ind2="0">
            <subfield code="9">27420</subfield>
            <subfield code="a">Microeconomics III</subfield>
        </datafield>
        <datafield tag="260" ind1=" " ind2=" ">
            <subfield code="a">Zaragoza</subfield>
            <subfield code="b">Universidad de Zaragoza</subfield>
            <subfield code="c">2017-2018</subfield>
        </datafield>
        <datafield tag="520" ind1=" " ind2=" ">
            <subfield code="a"> 
Los contenidos de la asignatura se estructuran en tres bloques.  Una parte del contenido del programa se dedica a ampliar los temas ya vistos en las asignaturas de microeconomía intermedia. Concretamente, se estudian los comportamientos del consumidor y de la empresa competitiva con un mayor grado de formalización, haciendo hincapié en aspectos nuevos, tales como la dualidad y sus aplicaciones.
Una vez analizada la conducta individual de los agentes, un segundo bloque del programa se dedica al análisis del equilibrio general competitivo, tanto desde el punto de vista positivo como normativo.
Finalmente, el tercer bloque del programa se centra en el análisis de los denominados fallos de mercado, tales como los bienes públicos, los efectos externos y la presencia de rendimientos crecientes de escala.</subfield>
        </datafield>
        <datafield tag="521" ind1=" " ind2=" ">
            <subfield code="9">133</subfield>
            <subfield code="a">Graduado en Economía</subfield>
            <subfield code="b">Degree in Economics</subfield>
        </datafield>
        <datafield tag="540" ind1=" " ind2=" ">
            <subfield code="a">by-nc-sa</subfield>
            <subfield code="b">Creative Commons</subfield>
            <subfield code="c">3.0</subfield>
            <subfield code="u">http://creativecommons.org/licenses/by-nc-sa/3.0/</subfield>
        </datafield>
        <datafield tag="830" ind1=" " ind2=" ">
            <subfield code="9">417</subfield>
        </datafield>
        <datafield tag="856" ind1="4" ind2=" ">
            <subfield code="s">16967</subfield>
            <subfield code="u">http://zaguan.unizar.es/record/72262/files/guia-27420-es.pdf</subfield>
            <subfield code="y">Guía (idioma español)</subfield>
        </datafield>
        <datafield tag="856" ind1="4" ind2=" ">
            <subfield code="s">9916</subfield>
            <subfield code="u">http://zaguan.unizar.es/record/72262/files/guia-27420-en.pdf</subfield>
            <subfield code="y">Guide (english)</subfield>
        </datafield>
        <datafield tag="970" ind1=" " ind2=" ">
            <subfield code="a">GDOC-2017-27420</subfield>
        </datafield>
        <datafield tag="980" ind1=" " ind2=" ">
            <subfield code="a">GDOC</subfield>
            <subfield code="b">Ciencias Sociales y Jurídicas</subfield>
            <subfield code="b">Social Sciences and Law</subfield>
            <subfield code="c">109</subfield>
        </datafield>
    </record>

    
</collection>